| 000 | 00918cam a22002891 4500 | ||
|---|---|---|---|
| 001 | 16636 | ||
| 003 | BD-RjUL | ||
| 005 | 20211209000032.0 | ||
| 008 | 140215s1956 enka 000 0 eng | ||
| 035 | _a(BD-RjUL)16691 | ||
| 035 | _aBD-RjUL | ||
| 040 |
_aDLC _cODaWU _dOCoLC _dUk _dBD-RjUL _beng |
||
| 041 | _aeng | ||
| 082 |
_a546.3 _bKUT 1956 |
||
| 100 | 1 |
_aKubaschewski, O. _q(Oswald), _d1912- _929841 |
|
| 245 | 1 | 0 |
_aThermochemical data of alloys / _cby O. Kubaschewski . |
| 260 |
_aLondon, _aNew York : _bPergamon Press, _c1956. |
||
| 300 |
_a200 p. : _bills, ; _c25 cm |
||
| 490 | 0 |
_aMetal physics and physical metallurgy; an international series of monographs, _vv. 3 |
|
| 490 | 0 | _aPergamon science series | |
| 650 | 0 |
_aAlloys. _951394 |
|
| 650 | 0 |
_aThermochemistry. _929842 |
|
| 700 | 1 |
_aCatterall, John Ashley, _ejoint author. _951395 |
|
| 942 |
_2ddc _cBK |
||
| 999 |
_c16636 _d16636 |
||